Every Song by AFI - Statistics

General Stats
  • This quiz has been taken 7 times
  • The average score is 23 of 194
Answer Stats
Album Song % Correct
Decemberunderground(2006) Miss Murder
100%
Sing the Sorrow(2003) Girl's Not Grey
71%
Sing the Sorrow(2003) The Leaving Song
71%
Decemberunderground(2006) Love Like Winter
57%
Sing the Sorrow(2003) Silver and Cold
57%
Decemberunderground(2006) Affliction
43%
Shut Your Mouth and Open Your Eyes(1997) A Single Second
43%
Decemberunderground(2006) Kill Caustic
43%
The Art of Drowning(2000) Morningstar
43%
Decemberunderground(2006) Prelude 12/21
43%
Decemberunderground(2006) Summer Shudder
43%
All Hallow's E.P.(1999) The Boy Who Destroyed the World
43%
The Art of Drowning(2000) The Days of the Phoenix
43%
The Missing Man(2018) The Missing Man
43%
All Hallow's E.P.(1999) Totalimmortal
43%
Decemberunderground(2006) 37mm
29%
The Art of Drowning(2000) 6 to 8
29%
AFI(2017) Aurelia
29%
Crash Love(2009) Beautiful Thieves
29%
Crash Love(Bonus)(2009) Carcinogen Crush
29%
Answer That and Stay Fashionable(1995) Cereal Wars
29%
Sing the Sorrow(2003) Dancing Through Sunday
29%
Decemberunderground(2006) Endlessly, She Said
29%
Black Sails in the Sunset(1999) Exsanguination
29%
Black Sails in the Sunset(1999) God Called in Sick Today
29%
Very Proud of Ya(1996) He Who Laughs Last...
29%
AFI(2017) Hidden Knives
29%
Decemberunderground(2006) Kiss and Control
29%
Black Sails in the Sunset(1999) Malleus Maleficarum
29%
Crash Love(2009) Medicate
29%
Sing the Sorrow(2003) Miseria Cantare - The Beginning
29%
Black Sails EP(1999) Porphyria
29%
AFI(2017) So Beneath You
29%
Black Sails in the Sunset(1999) Strength Through Wounding
29%
Decemberunderground(2006) The Interview
29%
Decemberunderground(2006) The Killing Lights
29%
Black Sails in the Sunset(1999) The Last Kiss
29%
Sing the Sorrow(2003) The Leaving Song Pt. II
29%
Decemberunderground(2006) The Missing Frame
29%
The Art of Drowning(2000) The Nephilim
29%
Crash Love(2009) Torch Song
29%
Crash Love(2009) Veronica Sawyer Smokes
29%
The Art of Drowning(2000) Wester
29%
Burials(2013) 17 Crimes
14%
AFI(2017) Above the Bridge
14%
Very Proud of Ya(1996) Advances in Modern Technology
14%
Black Sails in the Sunset(1999) At a Glance
14%
The Days of the Phoenix E.P.(2001) A Winter's Tale
14%
The Missing Man(2018) Back Into the Sun
14%
Sing the Sorrow(2003) Bleed Black
14%
Answer That and Stay Fashionable(1995) Brownie Bottom Sundae
14%
Sing the Sorrow(2003) ...but home is nowhere
14%
Black Sails in the Sunset(1999) Clove Smoke Catharsis
14%
AFI(2017) Dark Snow
14%
Crash Love(2009) Darling, I Want to Destroy You
14%
Sing the Sorrow(2003) Death of Seasons
14%
Bodies(2021) Dulcería
14%
The Art of Drowning(2000) Ever and a Day
14%
Crash Love(Bonus)(2009) Fainting Spells
14%
AFI(2017) Feed from the Floor
14%
Very Proud of Ya(1996) File
14%
The Missing Man(2018) Get Dark
14%
AFI(2017) Get Hurt
14%
Burials(2013) Greater Than 84
14%
Burials(2013) Heart Stops
14%
Answer That and Stay Fashionable(1995) High School Football Hero
14%
Crash Love(2009) I Am Trying Very Hard to Be Here
14%
Burials(2013) I Hope You Suffer
14%
Answer That and Stay Fashionable(1995) I Wanna Get a Mohawk (But Mom Won't Let Me Get One)
14%
Shut Your Mouth and Open Your Eyes(1997) Let It Be Broke
14%
Black Sails in the Sunset(Hidden)(1999) Midnight Sun
14%
Black Sails in the Sunset(1999) Narrative of Soul Against Soul
14%
Black Sails in the Sunset(1999) No Poetic Device
14%
Burials(2013) No Resurrection
14%
Decemberunderground(Bonus)(2006) On the Arrow
14%
Sing the Sorrow(2003) Paper Airplanes (Makeshift Wings)
14%
AFI(2017) Pink Eyes
14%
The Art of Drowning(2000) Sacrifice Theory
14%
AFI(2017) Snow Cats
14%
AFI(2017) Still a Stranger
14%
Sing the Sorrow(Bonus)(2003) Synesthesia
14%
Burials(2013) The Conductor
14%
The Art of Drowning(2000) The Despair Factor
14%
The Art of Drowning(2000) The Lost Souls
14%
Black Sails in the Sunset(1999) The Prayer Position
14%
Shut Your Mouth and Open Your Eyes(1997) Third Season
14%
Sing the Sorrow(2003) This Celluloid Dream
14%
Sing the Sorrow(Hidden)(2003) This Time Imperfect
14%
The Missing Man(2018) Trash Bat
14%
Decemberunderground(2006) Untitled
14%
Black Sails in the Sunset(1999) Weathered Tome
14%
Crash Love(Bonus)(2009) Where We Used to Play
14%
AFI(2017) White Offerings
14%
Answer That and Stay Fashionable(1995) | Very Proud of Ya(1996) Yürf Rendenmein
14%
Crash Love(Bonus)(2009) 100 Words
0%
A Fire Inside EP(1998)
0%
Burials(2013) A Deep Slow Panic
0%
Burials(2013) Anxious
0%
Very Proud of Ya(1996) Aspirin Free
0%
The Art of Drowning(2000) A Story at Three
0%
Bodies(2021) Back from the Flesh
0%
This Is Berkeley, Not West Bay(1994) Bandwagon
0%
The Art of Drowning(Hidden)(2000) Battled
0%
Bodies(2021) Begging for Trouble
0%
Behind the Times(1993) Born in the U.S. of A.
0%
The Missing Man(2018) Break Angels
0%
Crash Love(Bonus)(2009) Breathing Towers to Heaven
0%
The Art of Drowning(2000) Catch a Hot One
0%
Non-Album(2021) Caught
0%
Very Proud of Ya(1996) Charles Atlas
0%
Shut Your Mouth and Open Your Eyes(1997) Coin Return
0%
Crash Love(2009) Cold Hands
0%
Very Proud of Ya(1996) Consult My Lover
0%
Very Proud of Ya(1996) Crop Tub
0%
Very Proud of Ya(1996) Cruise Control
0%
Very Proud of Ya(1996) Cult Status
0%
Bodies(2021) Death of the Party
0%
This Is Berkeley, Not West Bay(1994) Desperate
0%
Answer That and Stay Fashionable(1995) Don't Make Me Ill
0%
The Art of Drowning(Bonus)(2000) Dream of Waking
0%
AFI(2017) Dumb Kids
0%
Crash Love(2009) End Transmission
0%
Bodies(2021) Escape from Los Angeles
0%
Crash Love(Bonus)(2009) Ether
0%
All Hallow's E.P.(1999) Fall Children
0%
Decemberunderground(Bonus)(2006) Fallen Like the Sky
0%
Bodies(2021) Far Too Near
0%
Very Proud of Ya(1996) Fishbowl
0%
Answer That and Stay Fashionable(1995) Half-Empty Bottle
0%
The Art of Drowning(2000) Initiation
0%
Crash Love(2009) It Was Mine
0%
Shut Your Mouth and Open Your Eyes(1997) Keeping Out of Direct Sunlight (An Introduction)
0%
Answer That and Stay Fashionable(Bonus)(1995) Key Lime Pie
0%
Answer That and Stay Fashionable(1995) Kung-Fu Devil
0%
Shut Your Mouth and Open Your Eyes(Bonus)(1997) Last Caress
0%
Bodies(2021) Looking Tragic
0%
Very Proud of Ya(Bonus)(1996) Love is a Many-Splendored Thing
0%
Black Sails in the Sunset(Bonus)(1999) Lower It
0%
Shut Your Mouth and Open Your Eyes(1997) Lower Your Head and Take It in the Body
0%
Very Proud of Ya(1996) Modern Epic
0%
Very Proud of Ya(1996) No-Dave Party
0%
Bodies(2021) No Eyes
0%
Sing the Sorrow(Bonus)(2003) Now the World
0%
Answer That and Stay Fashionable(1995) Ny-Quil
0%
The Art of Drowning(2000) Of Greetings and Goodbyes
0%
Crash Love(2009) Okay, I Feel Better Now
0%
Bodies(2021) On Your Back
0%
A Fire Inside EP(1998) Over Exposure
0%
This Is Berkeley, Not West Bay(1994) People's Parking Lot
0%
Very Proud of Ya(1996) Perfect Fit
0%
Shut Your Mouth and Open Your Eyes(1997) pH Low
0%
Black Sails in the Sunset(1999) Porphyria Cutanea Tarda
0%
Decemberunderground(Bonus)(2006) Rabbits are Roadkill on Rt. 37
0%
Dork(1993) Red Hat
0%
Burials(2013) Rewind
0%
Answer That and Stay Fashionable(1995) Rizzo in the Box
0%
Very Proud of Ya(Bonus)(1996) Rolling Balls
0%
Crash Love(2009) Sacrilege
0%
Shut Your Mouth and Open Your Eyes(1997) Salt for Your Wounds
0%
Answer That and Stay Fashionable(Bonus)(1995) Self-Pity
0%
Very Proud of Ya(1996) Shatty Fatmas
0%
AFI(2017) She Speaks the Language
0%
The Art of Drowning(2000) Smile
0%
Very Proud of Ya(1996) Soap-Box Derby
0%
Very Proud of Ya(1996) Take the Test
0%
Answer That and Stay Fashionable(1995) The Checkered Demon
0%
Shut Your Mouth and Open Your Eyes(1997) The Devil Loves You
0%
Burials(2013) The Embrace
0%
Burials(2013) The Face Beneath the Waves
0%
Sing the Sorrow(2003) The Great Disappointment
0%
Answer That and Stay Fashionable(1995) The Mother in Me
0%
Shut Your Mouth and Open Your Eyes(1997) The New Patron Saints and Angels
0%
Very Proud of Ya(1996) Theory of Revolution
0%
Burials(2013) The Sinking Night
0%
Sing the Sorrow(Hidden)(2003) The Spoken Word
0%
AFI(2017) The Wind That Carries Me Away
0%
Very Proud of Ya(1996) This Secret Ninja
0%
Shut Your Mouth and Open Your Eyes(1997) Three Reasons
0%
Shut Your Mouth and Open Your Eyes(1997) Three Seconds Notice
0%
Bodies(2021) Tied to a Tree
0%
Shut Your Mouth and Open Your Eyes(1997) Today's Lesson
0%
Crash Love(Bonus)(2009) Too Late for Gods
0%
Crash Love(2009) Too Shy to Scream
0%
Shut Your Mouth and Open Your Eyes(1997) Triple Zero
0%
Bodies(2021) Twisted Tongues
0%
Answer That and Stay Fashionable(1995) | Very Proud of Ya(1996) Two of a Kind
0%
Very Proud of Ya(1996) Wake-Up Call
0%
Crash Love(Bonus)(2009) We've Got the Knife
0%
Black Sails EP(1999) Who Knew?
0%
Very Proud of Ya(Bonus)(1996) Who Said You Could Touch Me?
0%
Burials(2013) Wild
0%
Answer That and Stay Fashionable(1995) Your Name Here
0%
No matching quizzes found
Score Distribution
Percent of People with Each Score
Percentile by Number Answered
Your Score History
You have not taken this quiz